| 000 | 00572nam a2200205 a 4500 | ||
|---|---|---|---|
| 001 | 1920 | ||
| 003 | CDMR | ||
| 005 | 20131015125257.0 | ||
| 008 | 130130s1985||||||||||||||||||||||||||||d | ||
| 020 | _a8486047412 | ||
| 040 |
_aCDMR _bcat _cCDMR |
||
| 100 | 1 |
_aDelibes, Miguel _91432 |
|
| 245 | 1 | 3 |
_aLa censura de prensa en los años 40 _b: y otros ensayos _cMiguel Delibes |
| 260 |
_aValladolid _c1985 _bÁmbito |
||
| 300 |
_a115 p. _c17 cm |
||
| 490 | 0 |
_aÁmbito Castilla y León _v26 |
|
| 650 | 0 | 4 |
_92723 _aCensura _zEspanya _yS. XX |
| 650 | 0 | 4 |
_93628 _aAssaig |
| 942 |
_cMON _2udc |
||
| 999 |
_c1920 _d1920 |
||